Normal view
MARC view
- Larson, Ron,
Entry Personal Name
001 - CONTROL NUMBER
- control field: 38309
003 - CONTROL NUMBER IDENTIFIER
- control field: OSt
005 - DATE AND TIME OF LATEST TRANSACTION
- control field: 20150810120920.0
008 - FIXED-LENGTH DATA ELEMENTS
- fixed length control field: 150810|| aca||aabn | a|a d
040 ## - CATALOGING SOURCE
- Original cataloging agency: OSt
100 1# - HEADING--PERSONAL NAME
- Personal name: Larson, Ron,
- Dates associated with a name: 1941-
400 1# - SEE FROM TRACING--PERSONAL NAME
- Personal name: Larson, Roland E.
- Fuller form of name: (Roland Edwin),
- Dates associated with a name: 1941-